Pro memoria Zygmunt Bukowski (1936-2008)
| Titel: | Pro memoria Zygmunt Bukowski (1936-2008) |
|---|---|
| Verfasser: | |
| In: |
Acta cassubiana, Band 10 (2008), Seite 361-365 alle Artikel anzeigen |
| Veröffentlicht: | 2008 |
| Format: | Aufsatz |
| Sprache: | Polnisch |
X
alg: 39409601 001A $01999:12-11-16 001B $06050:10-03-26 $t09:56:28.000 001D $01999:12-11-16 001U $0utf8 001X $00 002@ $0Aox 003@ $0394096010 007A $0394096010 $aHEB 007T $0Herdkk00014143 010@ $apol 011@ $a2008 021A $aPro memoria Zygmunt Bukowski (1936-2008) 028A $#Borzyszkowski, Josef $#Bòrzëszkòwsczi, Józef $7103361952 $8Borzyszkowski, Józef$Z1946- [Tp1] $9138771383 031A $d10 $h361-365 $j2008 039B $aIn $8--Abvc--. Acta cassubiana. - Gdańsk : [Verlag nicht ermittelbar], 1999-. - ISSN 1509-5703 $x200800000100000639 $9099074672 045F $a929.09438 $eDDC23BSB 045F/01 $a929 045F/03 $g438 045T $a7,41 $a7,39 045T $aOST $qDE-12 $2FID lok: 39409601 78 exp: 39409601 78 1 #EPN 201B/01 $018-11-16 $t10:36:05.000 201U/01 $0utf8 203@/01 $0790206536 208@/01 $a12-11-16 $be 209A/01 $a/ $f000 $x00 220C/01 $aTitelaufnehmer: pbb 220C/01 $aHerkunft: PBB/IH PAN 244Z/01 $2Trx $#Poola $#Lenkija $#Polija $#Polen Land $#Poland $#Lengyelország $#Poľsko $#Polsko $8--Trx--Polska$gkraj $x01 $9391345966 244Z/01 $aGeschichte 1936-2008 $x02 244Z/01 $2Trx $8--Trx--Bukowski, Zygmunt$Z1936-2008 $x03 $9390651052 244Z/01 $2Trx $#kirjanikud $#rašytojai $#writers $#írók $#pisarze $#spisovatelia $#spisovatelé $8--Trx--Schriftsteller $x04 $9391382659 244Z/01 $2Trx $#kujurid $#skulptoriai $#sculptors $#szobrász $#rzeźbiarze $#sochári $#sochaři $8--Trx--Bildhauer $x05 $9391358618 244Z/01 $2Trx $8--Trx--Zeitschriftenaufsatz $x06 $9391384341 244Z/01 $2Trx $#biograafiad $#biografijos $#biography $#életrajzok $#biografia $#biografie $#biografie $8--Trx--Biographie $x07 $9391352938 245Z/01 $a12.03 $x01 247C/01 $82080>Marburg/Lahn, Herder-Institut, Forschungsbibliothek, Bibliographieportal $9336309341
| LEADER | 00000caa a22000002c 4500 | ||
|---|---|---|---|
| 001 | 394096010 | ||
| 003 | DE-603 | ||
| 005 | 20260310095628.0 | ||
| 007 | tu | ||
| 008 | 161112s2008 xx |||| | u00||u|pol c | ||
| 035 | |a (DE-599)HEB394096010 | ||
| 040 | |a DE-603 |b ger |c DE-603 |d DE-603 | ||
| 041 | |a pol | ||
| 082 | 0 | 4 | |8 1\u |a 929.09438 |q DE-101 |2 23/BSB |
| 084 | |a 7,41 |a 7,39 |2 ssgn | ||
| 084 | |a OST |q DE-12 |2 fid | ||
| 085 | |8 1\u |b 929 | ||
| 085 | |8 1\u |z 2 |s 438 | ||
| 100 | 1 | |a Borzyszkowski, Józef |d 1946- |0 (DE-603)138771383 |0 (DE-588)103361952 |2 gnd | |
| 245 | 0 | 0 | |a Pro memoria Zygmunt Bukowski (1936-2008) |
| 264 | 0 | |c 2008 | |
| 773 | 0 | 8 | |i In |t Acta cassubiana |d Gdańsk : [Verlag nicht ermittelbar], 1999- |x 1509-5703 |g Band 10 (2008), Seite 361-365 |w (DE-603)099074672 |w (DE-600)2050525-5 |
| 924 | 0 | |9 2080 |a (DE-603)790206536 |b DE-2080 |c HES |d d |g / | |


